B. Arch. (Bachelor of Architecture) entrance examinations / (Record no. 27601)

MARC details
000 -LEADER
fixed length control field 00723nam a22002297a 4500
005 - DATE AND TIME OF LATEST TRANSACTION
control field 20181103143757.0
008 - FIXED-LENGTH DATA ELEMENTS--GENERAL INFORMATION
fixed length control field 090617t xxu||||| |||| 00| 0 eng d
010 ## - LCCN (DPL NO)
LC control number ENG-94101
020 ## - INTERNATIONAL STANDARD BOOK NUMBER
Terms of availability 275.00
International Standard Book Number 9788183482868
035 ## - SYSTEM CONTROL NUMBER
System control number EN-77634, B-3636936
037 ## - SOURCE OF ACQUISITION
Source of stock number/acquisition DBAD / VEN
040 ## - CATALOGING SOURCE
Original cataloging agency dpl
Language of cataloging English
082 ## - DEWEY DECIMAL CLASSIFICATION NUMBER
Classification number 000
100 ## - MAIN ENTRY--PERSONAL NAME
Personal name Mishra, P.K.
245 ## - TITLE STATEMENT
Title B. Arch. (Bachelor of Architecture) entrance examinations /
Statement of responsibility, etc by P.K. Mishra
260 ## - PUBLICATION, DISTRIBUTION, ETC. (IMPRINT)
Place of publication, distribution, etc Meerut
Name of publisher, distributor, etc Arihant Publications
Date of publication, distribution, etc 2008
270 ## - ADDRESS
Address Kalindi, TP Nagar,
City Meerut
300 ## - PHYSICAL DESCRIPTION
Extent Various pagings
Dimensions 26cm(pbk)
500 ## - GENERAL NOTE
General note a complete self study guide
942 ## - ADDED ENTRY ELEMENTS (KOHA)
Source of classification or shelving scheme Dewey Decimal Classification
Item type English Books
Call number suffix MIS
Classification part 000
Holdings
Withdrawn status Lost status Source of classification or shelving scheme Damaged status Not for loan Collection code Home library Current library Date acquired Source of acquisition Cost, normal purchase price Total Checkouts Full call number Barcode Date last seen Copy number Cost, replacement price Koha item type
    Dewey Decimal Classification   Not For Loan Non-fiction D.B.Act.Division D.B.Act.Division 18/06/2009 DBAD / VEN 275.00   000 MIS EN-77634 18/06/2009 1 275.00 English Books

© Delhi Public Library
Hit Counter
free hit counter